000 01132cam a2200325 a 4500
001 4024515
003 ARRUPE
005 20160504123244.0
008 970605s1996 nr a 010 0 eng d
010 _a 97158350
020 _a9783066978
035 _a(OCoLC)37152616
040 _aNYP
_cNYP
_dDLC
042 _alccopycat
043 _af-nr---
050 0 0 _aPR9387.6
_b.F67 1996
082 0 0 _a821
_221
245 0 0 _aFor Ken, for Nigeria :
_b(poems) /
_cedited by E.C. Osondu with Maik Nwosu (as editorial consultant).
260 _aLagos [Nigeria] :
_bService and Service International,
_c1996.
300 _a164 p.;
_bill. ;
_c21 cm.
600 2 0 _aSaro-Wiwa, Ken,
_d1941-
_xPoetry.
_924292
650 0 _aNigerian poetry (English)
_924293
651 0 _aNigeria
_xPolitics and government
_y1984-1993
_xPoetry.
_924294
700 2 _aSaro-Wiwa, Ken,
_d1941-
_93179
700 1 _aOsondu, E. C.
_924295
_eed.
700 1 _aNwosu, Maik.
_924296
_eed.
906 _a7
_bcbc
_ccopycat
_d2
_encip
_f19
_gy-gencatlg
942 _2lcc
_cMONOGRAPH
999 _c124778
_d124778